Visualizzazione normale
Vista MARC
- Verger Ch.
di Personal Name
Records bibliografici associati: 1
001 - CONTROL NUMBER
- control field: 22525
003 - CONTROL NUMBER IDENTIFIER
- control field: IT-RoPau
005 - DATE AND TIME OF LATEST TRANSACTION
- control field: 20140428101146.0
008 - FIXED-LENGTH DATA ELEMENTS
- fixed length control field: 140428|| aca||aabn | a|a d
040 ## - CATALOGING SOURCE
- Original cataloging agency: IT-RoPau
- Transcribing agency: IT-RoPau
100 ## - HEADING--PERSONAL NAME
- Personal name: Verger Ch.
- Relator term: Autore musica
- Miscellaneous information: Codice autore musica SPICS: 20148
- Name of part/section of a work: Quelqu'un
670 ## - SOURCE DATA FOUND
- Source citation: Work cat.: (IT-RoPau)101965: Kosma Joseph 22519, Yves Montand canta Jacques Prevert